000 00543nam a2200145 4500
999 _c13316
_d13316
008 190228b ||||| |||| 00| 0 eng d
022 _a0746-8342
082 _aDPer 510.5 C697 Jan 2012-Sept 2015 v. 43 & 46, n. 1-4
100 _aPeters, Michael H.
_937223
245 _aOn the shrinking volume of the hypersphere/
_cMichael H. Peters.
260 _aWashington D. C.:
_bMathematical Association of America,
_c©Jul 2012-Sept 2015.
300 _av43 n3, pages 178-180:
_bIllustrations;
_c25 cm.
650 _aGeometry.
_937224
942 _2ddc
_cPER